Racionalizačné aspekty v spracovaní a spotrebe cereálnych výrobkov kandidátska dizertačná práca

Salvato in:
Dettagli Bibliografici
Autore principale: Schaller, Rudolf
Ente Autore: Vysoká škola ekonomická v Bratislave
Natura: Libro
Lingua:slovacco
Pubblicazione: Bratislava 1975
Soggetti:
Tags: Aggiungi Tag
Nessun Tag, puoi essere il primo ad aggiungerne!!

MARC

LEADER 00000nbm a2200000 4500
001 0168887
005 20240104091651.3
041 0 |a slo 
044 |a SK 
245 1 0 |a Racionalizačné aspekty v spracovaní a spotrebe cereálnych výrobkov  |b kandidátska dizertačná práca  |c Rudolf Schaller 
264 1 |a Bratislava  |c 1975 
300 |a 226 s. 
500 |a Školiteľ nie je uvedený 
610 2 0 |a úroveň životná 
610 2 0 |a výrobky 
610 2 0 |a potravinárstvo 
100 1 |a Schaller, Rudolf 
710 2 |a Vysoká škola ekonomická v Bratislave